Państwa z literą Ś - Statystyki

Ogólne statystyki
  • Ten quiz został rozwiązany 50 razy
  • Średni wynik to 4 z 5
Statystyki odpowiedzi
Kontynent Kraj % Poprawnych
Europa Białoruś
93%
Europa Bośnia i Hercegowina
88%
Afryka Republika Środkowoafrykańska
83%
Afryka Wyspy Świętego Tomasza i Książęca
59%
Afryka Wybrzeże Kości Słoniowej
51%
Nie znaleziono quizów pasujących do podanych kryteriów
Rozkład punktacji
Procent ludzi z każdym wynikiem
Percentyl według liczby udzielonych odpowiedzi
Twoja historia wyników
Nie rozwiązałeś tego quizu